Vainqueur Ligue Magnus - Statistiques

Statistiques générales
  • Ce quiz a été pris 20 fois
  • Le résultat moyen est 60 sur 106
Statistiques - réponses
Année Réponse % Correct
2020 Compétition annulée
100%
1937 Pas de titre
100%
1928 Trêves Olympique
100%
1981 | 1982 | 1991 | +6 others Brûleurs de loups de Grenoble
95%
1990 | 1992 | 1993 | +15 others Dragons de Rouen
95%
2026 Boxers de Bordeaux
84%
1923 | 1924 | 1925 | +27 others Chamois de Chamonix
74%
1977 | 1978 | 2015 | 2017 Rapaces de Gap
74%
2014 Diables rouges de Briançon
63%
1999 | 2004 Gothiques d'Amiens
47%
1996 | 1997 Albatros de Brest
32%
1980 Diables noirs de Tours
26%
2005 Scorpions de Mulhouse
26%
1984 Boucs de Megève
21%
2000 | 2002 Flammes Bleues de Reims
21%
1936 | 1938 Français Volants de Paris
21%
1989 Français volants de Paris
21%
1987 | 1988 Yétis du Mont-Blanc
21%
1969 | 1974 | 1975 | +3 others Aigles de Saint-Gervais
16%
1956 Patineurs de Lyon
5%
1932 | 1933 | 1934 | 1935 Rapides de Paris
5%
1950 | 1951 RC France
5%
1957 | 1960 | 1962 Tigres de l'ACBB
5%
1953 Paris UC
0%
1908 | 1912 | 1913 | +5 others Patineurs de Paris
0%
1907 SC Lyon
0%
Aucun quiz correspondant
Distribution des résultats
% des personnes avec chaque résultat
Percentile par nombre de réponses
Votre historique - résultats
Vous n’avez pas pris ce quiz